| 000 | 00673cab a2200229 4500 | ||
|---|---|---|---|
| 001 | WB3324-35 | ||
| 008 | 1997 | ||
| 035 | _a(Sirsi) u79084 | ||
| 041 | _aeng | ||
| 245 | _aLondon Underground an opportunity | ||
| 260 | _c1997 | ||
| 350 | _a0 | ||
| 490 |
_aFinancial Times _v17 June 1997, 11(2) |
||
| 520 | _aThere are a number of potential bidders who see a possible sell-off of the London Underground as a good opportunity. | ||
| 650 | _aBIDDERS | ||
| 650 | _aBUSINESS OPPORTUNITY | ||
| 650 | _aLONDON UNDERGROUND | ||
| 650 | _aPRIVATE SECTOR | ||
| 690 | _aTRANSPORT AND COMMUNICATIONS | ||
| 942 | _n0 | ||
| 948 | _c20/06/1997 | ||
| 999 |
_c49699 _d49699 |
||